000 00574nam a2200181 i 4500
001 189378
003 SpMaBN
005 20230906223447.0
008 190527q1940 sp |||| | spa d
100 1 _aToroc, Rodolfo.
_9167132
245 1 0 _aSeis meses de vida /
_cRodolfo Toroc ; [traductor, R. Berenguer Palau].
260 _a[Barcelona] :
_bHispano-anglo-yanqui de Publicaciones,
_c[ca. 1940] (
_fImp. Pulcra)
300 _a269 p. ;
_c16 cm.
490 1 _aArco de triunfo
830 0 _aArco de triunfo
_9225819
852 _aES-MaACL
_jL-32373
999 _c189378
_d189378